| 000 | 00530nam a2200169Ia 4500 | ||
|---|---|---|---|
| 008 | 090711s9999 xx 000 0 und d | ||
| 082 | _b70103 | ||
| 100 | _aनाडकर्णी सुरेश | ||
| 245 | _aबंडु वयात येतो | ||
| 260 | _c1975 | ||
| 300 | _a100 | ||
| 600 | _aनाडकर्णी सुरेश | ||
| 630 | _aबंडु वयात येतो | ||
| 700 | _aनाडकर्णी सुरेश | ||
| 730 | _aबंडु वयात येतो | ||
| 942 | _cBOOK | ||
| 999 |
_c318342 _d318342 |
||